[Event "Fajr op 21st"]
[Site "Mashhad"]
[Date "2013.02.21"]
[Round "2"]
[White "Tabasi, Mehdi"]
[Black "Toufighi, Homayoon"]
[Result "0-1"]
[WhiteElo "2037"]
[BlackElo "2451"]
[PlyCount "84"]
[EventDate "2013.02.20"]
[EventType "swiss"]
[EventRounds "11"]
[EventCountry "IRI"]
[SourceTitle "EXT 2014"]
[Source "ChessBase"]
[SourceDate "2013.11.20"]
[SourceVersion "1"]
[SourceVersionDate "2013.11.20"]
[SourceQuality "1"]

1. e4 e6 2. d4 d5 3. exd5 exd5 4. Nf3 Nc6 5. c3 Bd6 6. Bg5 Nge7 7. Bd3 Bg4 8. Nbd2 Qd7 9. Qc2 Qe6+ 10. Kf1 f6 11. Bh4 0-0-0 12. Bg3 g5 13. Re1 Qd7 14. Ke2 Nf5 15. Kd1 Kb8 16. Kc1 Nxg3 17. hxg3 h5 18. Kb1 Ne7 19. Rh2 h4 20. Nf1 Nf5 21. gxh4 Bxh2 22. N3xh2 Nxh4 23. f3 Bf5 24. g3 Bxd3 25. Qxd3 Qf5 26. Kc2 Qxd3+ 27. Kxd3 Nf5 28. Re6 Nxg3 29. Rxf6 Nxf1 30. Nxf1 Rdf8 31. Rxf8+ Rxf8 32. Ke3 Kc8 33. Nh2 Kd7 34. Ng4 Ke6 35. Ne5 Rh8 36. Nd3 Kf5 37. Nf2 Rh2 38. b3 a5 39. c4 c6 40. a3 Rg2 41. c5 Rh2 42. b4 a4 0-1

[Event "Fajr op 16th"]
[Site "Urmia"]
[Date "2008.02.03"]
[Round "2"]
[White "Moosavian, S Hamed"]
[Black "Tabasi, Mehdi"]
[Result "1-0"]
[WhiteElo "2349"]
[BlackElo "2034"]
[PlyCount "33"]
[EventDate "2008.02.03"]
[EventType "swiss"]
[EventRounds "11"]
[EventCountry "IRI"]
[SourceTitle "CBM 122 Extra"]
[Source "ChessBase"]
[SourceDate "2008.03.04"]
[SourceVersion "1"]
[SourceVersionDate "2008.03.04"]
[SourceQuality "1"]

1. e4 e5 2. Bc4 Nf6 3. d3 Be7 4. Nf3 d6 5. c3 Nc6 6. Bb3 0-0 7. Nbd2 d5 8. Qe2 Bc5 9. h3 d4 10. Nf1 Qd6 11. Ng3 dxc3 12. bxc3 b5 13. 0-0 a5 14. d4 Bb6 15. Rd1 Qe7 16. Qxb5 Bd7 17. dxe5 1-0